000 00472nam a2200181Ia 4500
001 11675
005 20260306162845.0
008 260306t1976||||xx |||||||||||||| ||spa||
041 _aESP
082 _a986.6071
_bV57
100 _aVillalba, Jorge
_eAUT
245 0 _aEpistolario diplomático del Presidente Gabriel Garcia Moreno
260 _c1976
300 _a84 páginas :CLXVI páginas :
_c22 cm.
650 _aGEN
654 _aCHU
942 _cLIB
_dJUS
_fJUS
_2ddc
_n
999 _c11675
_d11675